[Event "Women's Baku Chess Olympiad"]
[Site "chess24.com"]
[Date "2016.09.02"]
[Round "1"]
[White "Moncayo Romero, Evelyn"]
[Black "Albzoor, Anwar"]
[Result "1-0"]
[Board "3"]
[WhiteID "3600424"]
[WhiteElo "2046"]
[WhiteTitle "WIM"]
[WhiteCountry "ECU"]
[WhiteFideId "3600424"]
[WhiteEloChange "2"]
[BlackID "11500522"]
[BlackElo "1570"]
[BlackTitle "WFM"]
[BlackCountry "PLE"]
[BlackFideId "11500522"]
[BlackEloChange "-2"]

1. e4 {[%clk 1:30:55]} e6 {[%clk 1:30:49]} 2. d4 {[%clk 1:31:18]} d5 {[%clk
1:31:03]} 3. Bd3 {[%clk 1:31:29]} dxe4 {[%clk 1:30:07]} 4. Bxe4 {[%clk 1:31:51]}
Nf6 {[%clk 1:29:33]} 5. Bf3 {[%clk 1:32:12]} Be7 {[%clk 1:28:32]} 6. Ne2 {[%clk
1:31:55]} O-O {[%clk 1:28:15]} 7. O-O {[%clk 1:32:08]} Nbd7 {[%clk 1:27:13]} 8.
Nbc3 {[%clk 1:27:07]} Rb8 {[%clk 1:25:09]} 9. Bf4 {[%clk 1:25:44]} a6 {[%clk
1:23:46]} 10. Re1 {[%clk 1:22:11]} b6 {[%clk 1:21:07]} 11. Ng3 {[%clk 1:20:24]}
Bb7 {[%clk 1:18:49]} 12. Bxb7 {[%clk 1:14:47]} Rxb7 {[%clk 1:18:57]} 13. Qf3
{[%clk 1:11:45]} Ra7 {[%clk 1:15:58]} 14. Rad1 {[%clk 1:08:20]} Bd6 {[%clk
1:05:50]} 15. d5 {[%clk 1:05:18]} Bxf4 {[%clk 1:00:09]} 16. dxe6 {[%clk 1:03:03]}
fxe6 {[%clk 0:55:29]} 17. Qxf4 {[%clk 1:03:20]} Re8 {[%clk 0:40:45]} 18. Qc4
{[%clk 0:59:53]} Qe7 {[%clk 0:37:38]} 19. Nce4 {[%clk 0:42:29]} Kh8 {[%clk
0:31:24]} 20. Ng5 {[%clk 0:39:45]} Nc5 {[%clk 0:28:18]} 21. b4 {[%clk 0:35:57]}
Ng8 {[%clk 0:17:47]} 22. Re5 {[%clk 0:31:16]} h6 {[%clk 0:13:31]} 23. Qh4 {[%clk
0:26:27]} Nd7 {[%clk 0:06:31]} 24. Rxe6 {[%clk 0:26:31]} Qxg5 {[%clk 0:04:19]}
25. Qxg5 {[%clk 0:26:53]} hxg5 {[%clk 0:04:41]} 26. Rxe8 {[%clk 0:27:18]} c5
{[%clk 0:04:21]} 27. bxc5 {[%clk 0:27:26]} bxc5 {[%clk 0:03:48]} 28. Ne4 {[%clk
0:27:39]} Kh7 {[%clk 0:03:45]} 29. Nxg5+ {[%clk 0:27:59]} Kh8 {[%clk 0:03:01]}
30. h4 {[%clk 0:26:43]} Nf6 {[%clk 0:02:17]} 31. Rc8 {[%clk 0:27:00]} Nd7 {[%clk
0:01:02]} 32. Ne4 {[%clk 0:26:11]} Kh7 {[%clk 0:01:06]} 33. Ng5+ {[%clk 0:23:18]}
Kh8 {[%clk 0:01:05]} 34. Ne6 {[%clk 0:22:42]} Kh7 {[%clk 0:00:41]} 35. Rxd7
{[%clk 0:22:45]} 1-0

[Event "Women's Baku Chess Olympiad"]
[Site "chess24.com"]
[Date "2016.09.02"]
[Round "1"]
[White "Cumberbatch, Gabriela"]
[Black "Machlik, Edit"]
[Result "0-1"]
[Board "3"]
[WhiteID "11102330"]
[WhiteElo "1312"]
[WhiteCountry "BAR"]
[WhiteFideId "11102330"]
[WhiteEloChange "-2"]
[BlackID "1513591"]
[BlackElo "2056"]
[BlackCountry "NOR"]
[BlackFideId "1513591"]
[BlackEloChange "2"]

1. e4 {[%clk 1:30:56]} c6 {[%clk 1:30:53]} 2. d4 {[%clk 1:31:08]} d5 {[%clk
1:31:18]} 3. exd5 {[%clk 1:30:53]} cxd5 {[%clk 1:31:42]} 4. Bd3 {[%clk 1:30:43]}
Nc6 {[%clk 1:31:58]} 5. c3 {[%clk 1:30:21]} Qc7 {[%clk 1:31:51]} 6. h3 {[%clk
1:29:36]} Nf6 {[%clk 1:31:23]} 7. Nf3 {[%clk 1:27:37]} g6 {[%clk 1:31:05]} 8. O-O
{[%clk 1:25:18]} Bf5 {[%clk 1:31:19]} 9. Re1 {[%clk 1:21:40]} Bxd3 {[%clk
1:31:21]} 10. Qxd3 {[%clk 1:20:09]} Bg7 {[%clk 1:31:45]} 11. Na3 {[%clk 1:18:38]}
a6 {[%clk 1:31:28]} 12. Nc2 {[%clk 1:17:06]} O-O {[%clk 1:31:27]} 13. Ne3 {[%clk
1:11:59]} b5 {[%clk 1:30:58]} 14. a3 {[%clk 1:10:37]} Na5 {[%clk 1:26:21]} 15.
Qc2 {[%clk 1:07:07]} Nc4 {[%clk 1:18:43]} 16. Qb3 {[%clk 0:55:39]} e6 {[%clk
1:16:04]} 17. Qc2 {[%clk 0:42:21]} Rfc8 {[%clk 1:11:58]} 18. Bd2 {[%clk 0:40:16]}
Rab8 {[%clk 1:09:01]} 19. Rac1 {[%clk 0:37:44]} Ne4 {[%clk 1:07:07]} 20. Nxc4
{[%clk 0:31:20]} bxc4 {[%clk 1:04:27]} 21. Be3 {[%clk 0:29:41]} Rb3 {[%clk
0:57:58]} 22. Rb1 {[%clk 0:25:46]} Rcb8 {[%clk 0:55:12]} 23. Qc1 {[%clk 0:21:51]}
Qb6 {[%clk 0:52:30]} 24. Bf4 {[%clk 0:11:55]} Rb7 {[%clk 0:52:49]} 25. Rf1 {[%clk
0:09:06]} Nxc3 {[%clk 0:39:41]} 26. bxc3 {[%clk 0:05:55]} Rxb1 {[%clk 0:40:00]}
27. Qd2 {[%clk 0:05:38]} Rxf1+ {[%clk 0:40:06]} 28. Kxf1 {[%clk 0:05:51]} Qb1+
{[%clk 0:40:28]} 29. Ne1 {[%clk 0:05:26]} Rb2 {[%clk 0:40:18]} 30. Qe3 {[%clk
0:05:07]} Qa2 {[%clk 0:38:51]} 31. Bd6 {[%clk 0:04:25]} Qb1 {[%clk 0:31:04]} 32.
Qg5 {[%clk 0:02:25]} f6 {[%clk 0:31:18]} 33. Qe3 {[%clk 0:02:37]} Qe4 {[%clk
0:30:40]} 34. Qc1 {[%clk 0:01:43]} Qe2+ {[%clk 0:30:58]} 35. Kg1 {[%clk 0:01:50]}
Qxf2+ {[%clk 0:31:22]} 36. Kh2 {[%clk 0:01:54]} Qd2 {[%clk 0:26:56]} 37. Qxd2
{[%clk 0:01:02]} Rxd2 {[%clk 0:27:21]} 38. Bf4 {[%clk 0:00:42]} Ra2 {[%clk
0:26:59]} 39. Bd6 {[%clk 0:00:50]} Bf8 {[%clk 0:27:18]} 40. Bb4 {[%clk 0:31:10]}
Bxb4 {[%clk 0:57:21]} 41. axb4 {[%clk 0:31:33]} Re2 {[%clk 0:57:33]} 42. Nf3
{[%clk 0:28:50]} Re3 {[%clk 0:57:31]} 43. Ng1 {[%clk 0:25:48]} Rxc3 {[%clk
0:57:53]} 44. Ne2 {[%clk 0:25:57]} Rb3 {[%clk 0:58:12]} 45. Kg1 {[%clk 0:24:57]}
c3 {[%clk 0:58:29]} 46. Kf1 {[%clk 0:25:07]} Rb1+ {[%clk 0:58:48]} 47. Kf2 {[%clk
0:25:21]} c2 {[%clk 0:59:13]} 48. Nc3 {[%clk 0:24:54]} c1Q {[%clk 0:59:33]} 49.
Nxb1 {[%clk 0:25:09]} Qxb1 {[%clk 0:59:58]} 50. Ke3 {[%clk 0:25:16]} Qxb4 {[%clk
0:59:58]} 0-1

[Event "Women's Baku Chess Olympiad"]
[Site "chess24.com"]
[Date "2016.09.02"]
[Round "1"]
[White "Castro, Neusa Aridas De"]
[Black "Atabayeva, Gozel"]
[Result "0-1"]
[Board "3"]
[WhiteID "14800250"]
[WhiteElo "1476"]
[WhiteCountry "MOZ"]
[WhiteFideId "14800250"]
[WhiteEloChange "-2"]
[BlackID "14001896"]
[BlackElo "2021"]
[BlackTitle "WFM"]
[BlackCountry "TKM"]
[BlackFideId "14001896"]
[BlackEloChange "2"]

1. e4 {[%clk 1:30:57]} c5 {[%clk 1:30:54]} 2. Nf3 {[%clk 1:31:22]} d6 {[%clk
1:31:08]} 3. d4 {[%clk 1:31:48]} cxd4 {[%clk 1:31:33]} 4. Nxd4 {[%clk 1:32:13]}
Nf6 {[%clk 1:31:54]} 5. Nc3 {[%clk 1:32:16]} a6 {[%clk 1:31:52]} 6. Bc4 {[%clk
1:30:46]} e6 {[%clk 1:32:09]} 7. Be3 {[%clk 1:28:44]} b5 {[%clk 1:30:41]} 8. Bd3
{[%clk 1:27:42]} Bb7 {[%clk 1:30:06]} 9. f3 {[%clk 1:27:29]} Nbd7 {[%clk
1:29:42]} 10. Qd2 {[%clk 1:26:24]} Ne5 {[%clk 1:28:11]} 11. a3 {[%clk 1:25:18]}
Rc8 {[%clk 1:22:41]} 12. O-O-O {[%clk 1:23:06]} Be7 {[%clk 1:21:38]} 13. Kb1
{[%clk 1:21:51]} Nfd7 {[%clk 1:20:18]} 14. Nb3 {[%clk 1:18:40]} Qc7 {[%clk
1:17:15]} 15. Be2 {[%clk 1:13:51]} Nc4 {[%clk 1:15:08]} 16. Bxc4 {[%clk 1:11:16]}
bxc4 {[%clk 1:14:50]} 17. Nd4 {[%clk 1:11:35]} Nb6 {[%clk 1:11:21]} 18. h3 {[%clk
1:07:59]} O-O {[%clk 1:08:33]} 19. g4 {[%clk 1:08:08]} d5 {[%clk 1:07:56]} 20.
exd5 {[%clk 1:06:05]} Nxd5 {[%clk 1:08:12]} 21. Rhf1 {[%clk 1:00:36]} Rfd8 {[%clk
1:05:44]} 22. Bg1 {[%clk 0:55:00]} Bc5 {[%clk 0:56:34]} 23. Ne4 {[%clk 0:52:09]}
Bb6 {[%clk 0:47:37]} 24. Bh2 {[%clk 0:49:15]} Qe7 {[%clk 0:47:24]} 25. c3 {[%clk
0:48:59]} g6 {[%clk 0:32:51]} 26. Bg1 {[%clk 0:47:05]} e5 {[%clk 0:32:22]} 27.
Nc2 {[%clk 0:44:33]} Ne3 {[%clk 0:30:35]} 28. Qc1 {[%clk 0:42:15]} Rxd1 {[%clk
0:26:39]} 29. Rxd1 {[%clk 0:41:13]} Nxd1 {[%clk 0:26:49]} 30. Bxb6 {[%clk
0:40:50]} Bxe4 {[%clk 0:26:50]} 31. fxe4 {[%clk 0:39:02]} Qd6 {[%clk 0:25:33]}
32. Bg1 {[%clk 0:38:40]} Rb8 {[%clk 0:23:26]} 33. Bh2 {[%clk 0:29:15]} Rxb2+
{[%clk 0:22:22]} 34. Ka1 {[%clk 0:28:56]} Qd3 {[%clk 0:16:45]} 35. Nb4 {[%clk
0:23:17]} Qd2 {[%clk 0:12:18]} 36. Qxd2 {[%clk 0:21:31]} Rxd2 {[%clk 0:12:46]}
37. Bxe5 {[%clk 0:21:50]} Nf2 {[%clk 0:12:26]} 38. Nxa6 {[%clk 0:21:20]} Nxe4
{[%clk 0:12:38]} 39. h4 {[%clk 0:19:57]} f6 {[%clk 0:12:31]} 40. Bd4 {[%clk
0:48:47]} Rg2 {[%clk 0:42:53]} 41. a4 {[%clk 0:47:10]} Rxg4 {[%clk 0:43:01]} 42.
a5 {[%clk 0:47:34]} Rxh4 {[%clk 0:41:22]} 43. Nc7 {[%clk 0:47:43]} Rh5 {[%clk
0:40:13]} 44. a6 {[%clk 0:48:04]} Ra5+ {[%clk 0:39:28]} 45. Kb2 {[%clk 0:48:27]}
h5 {[%clk 0:34:45]} 46. a7 {[%clk 0:48:39]} h4 {[%clk 0:34:58]} 47. a8Q+ {[%clk
0:48:50]} Rxa8 {[%clk 0:35:23]} 48. Nxa8 {[%clk 0:49:14]} h3 {[%clk 0:35:41]} 49.
Bg1 {[%clk 0:49:17]} g5 {[%clk 0:34:00]} 50. Nc7 {[%clk 0:48:41]} g4 {[%clk
0:34:16]} 51. Ne6 {[%clk 0:49:01]} g3 {[%clk 0:34:36]} 52. Nf4 {[%clk 0:38:35]}
h2 {[%clk 0:34:57]} 0-1